Giáo trình sinh học tế bào Dùng cho sinh viên cao đẳng, đại học chuyên ngành sinh học, công nghệ sinh học, nông - lâm - ngư nghiệp và giáo viên sinh học phổ thông

Khái quát về đối tượng, nhiệm vụ của sinh học tế bào. Trình bày tổ chức phân tử; cấu trúc và chức năng của tế bào. Phân tích sự chuyển hóa vật chất và năng lượng ở tế bào, chu kỳ tế bào và sự sinh sản của tế bào.

Đã lưu trong:
Chi tiết thư mục
Tác giả chính: Nguyễn Như Hiền
Định dạng: Sách
Năm xuất bản: H. Giáo dục 2006
Chủ đề:
Tags: Thêm thẻ
Không có thẻ, Hãy là người đầu tiên gắn thẻ bản ghi này!
LEADER 03543nam a2200313 4500
082 |a 571.6  |b NG527NH 
100 |a Nguyễn Như Hiền 
245 |a Giáo trình sinh học tế bào  |b Dùng cho sinh viên cao đẳng, đại học chuyên ngành sinh học, công nghệ sinh học, nông - lâm - ngư nghiệp và giáo viên sinh học phổ thông  |c Nguyễn Như Hiền 
260 |a H.  |b Giáo dục  |c 2006 
300 |a 255tr.  |c 24cm 
520 |a  Khái quát về đối tượng, nhiệm vụ của sinh học tế bào. Trình bày tổ chức phân tử; cấu trúc và chức năng của tế bào. Phân tích sự chuyển hóa vật chất và năng lượng ở tế bào, chu kỳ tế bào và sự sinh sản của tế bào. 
653 |a Sinh học 
653 |a Sinh học tế bào 
653 |a Giáo trình 
942 |2 ddc  |c STK0 
999 |c 1300  |d 1300 
952 |0 0  |1 0  |2 ddc  |4 0  |6 571_600000000000000_NG527NH  |7 1  |8 500  |9 24553  |a qbu  |b qbu  |c D3  |d 2014-12-08  |g 27000  |o 571.6 NG527NH  |p 4573.C1  |r 0000-00-00  |w 2014-12-08  |y STK0  |0 0  |6 571_600000000000000_NG527NH 
952 |0 0  |1 0  |2 ddc  |4 0  |6 571_600000000000000_NG527NH  |7 0  |8 500  |9 24554  |a qbu  |b qbu  |c D3  |d 2014-12-08  |g 27000  |l 1  |o 571.6 NG527NH  |p 4573.C2  |r 2016-03-02  |s 2016-03-02  |w 2014-12-08  |y STK0  |0 0  |6 571_600000000000000_NG527NH 
952 |0 0  |1 0  |2 ddc  |4 0  |6 571_600000000000000_NG527NH  |7 0  |8 500  |9 24555  |a qbu  |b qbu  |c D3  |d 2014-12-08  |g 27000  |l 4  |m 2  |o 571.6 NG527NH  |p 4573.C3  |r 2017-08-11  |s 2017-07-13  |w 2014-12-08  |y STK0  |0 0  |6 571_600000000000000_NG527NH 
952 |0 0  |1 0  |2 ddc  |4 0  |6 571_600000000000000_NG527NH  |7 0  |8 500  |9 24556  |a qbu  |b qbu  |c D3  |d 2014-12-08  |g 27000  |l 4  |o 571.6 NG527NH  |p 4573.C4  |r 2016-04-25  |s 2016-04-11  |w 2014-12-08  |y STK0  |0 0  |6 571_600000000000000_NG527NH 
952 |0 0  |1 0  |2 ddc  |4 0  |6 571_600000000000000_NG527NH  |7 0  |8 500  |9 24557  |a qbu  |b qbu  |c D3  |d 2014-12-08  |g 27000  |l 3  |m 1  |o 571.6 NG527NH  |p 4573.C5  |r 2016-03-16  |s 2016-03-02  |w 2014-12-08  |y STK0  |0 0  |6 571_600000000000000_NG527NH 
952 |0 0  |1 0  |2 ddc  |4 0  |6 571_600000000000000_NG527NH  |7 0  |8 500  |9 24558  |a qbu  |b qbu  |c D3  |d 2014-12-08  |g 27000  |l 1  |o 571.6 NG527NH  |p 4573.C6  |r 2016-02-25  |s 2016-02-17  |w 2014-12-08  |y STK0  |0 0  |6 571_600000000000000_NG527NH 
952 |0 0  |1 0  |2 ddc  |4 0  |6 571_600000000000000_NG527NH  |7 0  |8 500  |9 24559  |a qbu  |b qbu  |c D3  |d 2014-12-08  |g 27000  |l 8  |m 7  |o 571.6 NG527NH  |p 4573.C7  |r 2019-09-09  |s 2019-07-01  |w 2014-12-08  |y STK0  |0 0  |6 571_600000000000000_NG527NH 
952 |0 0  |1 0  |2 ddc  |4 0  |6 571_600000000000000_NG527NH  |7 0  |8 500  |9 24560  |a qbu  |b qbu  |c D3  |d 2014-12-08  |g 27000  |l 8  |o 571.6 NG527NH  |p 4573.C8  |r 2016-03-14  |s 2016-03-01  |w 2014-12-08  |y STK0  |0 0  |6 571_600000000000000_NG527NH 
952 |0 0  |1 0  |2 ddc  |4 0  |6 571_600000000000000_NG527NH  |7 0  |8 500  |9 24561  |a qbu  |b qbu  |c D3  |d 2014-12-08  |g 27000  |l 3  |o 571.6 NG527NH  |p 4573.C9  |r 2016-03-02  |s 2016-02-17  |w 2014-12-08  |y STK0  |0 0  |6 571_600000000000000_NG527NH 
952 |0 0  |1 0  |2 ddc  |4 0  |6 571_600000000000000_NG527NH  |7 0  |8 500  |9 24562  |a qbu  |b qbu  |c D3  |d 2014-12-08  |g 27000  |l 4  |m 2  |o 571.6 NG527NH  |p 4573.C10  |r 2016-03-01  |s 2016-02-17  |w 2014-12-08  |y STK0  |0 0  |6 571_600000000000000_NG527NH 
952 |0 0  |1 0  |2 ddc  |4 0  |6 571_600000000000000_NG527NH  |7 0  |8 500  |9 24563  |a qbu  |b qbu  |c D3  |d 2014-12-08  |g 27000  |l 3  |m 1  |o 571.6 NG527NH  |p 4573.C11  |r 2016-06-06  |s 2016-05-16  |w 2014-12-08  |y STK0  |0 0  |6 571_600000000000000_NG527NH 
952 |0 0  |1 0  |2 ddc  |4 0  |6 571_600000000000000_NG527NH  |7 0  |8 500  |9 108486  |a qbu  |b qbu  |c D3  |d 2016-10-28  |g 27000  |l 2  |m 1  |o 571.6 NG527NH  |p 4573.c12  |r 2017-12-18  |s 2017-12-05  |w 2016-10-28  |y STK0  |0 0  |6 571_600000000000000_NG527NH 
952 |0 0  |1 0  |2 ddc  |4 0  |6 571_600000000000000_NG527NH  |7 0  |8 500  |9 108487  |a qbu  |b qbu  |c D3  |d 2016-10-28  |g 27000  |o 571.6 NG527NH  |p 4573.c13  |r 0000-00-00  |w 2016-10-28  |y STK0  |0 0  |6 571_600000000000000_NG527NH